Địa lý du lịch
Sách đề cập đối tượng, nhiệm vụ và phương pháp nghiên cứu du lịch; phân tích các nhân tố ảnh hưởng đến phát triển du lịch; tổ chức lãnh htổ du lịch; sau cùng, sách phân tích sâu về tiềm năng du lịch ở mỗi vùng có giá trị đối với tro...
Uloženo v:
| Médium: | Kniha |
|---|---|
| Jazyk: | Undetermined |
| Vydáno: |
Thành phố Hồ Chí Minh
Nxb. Thành phố Hồ Chí Minh
1997
|
| Témata: | |
| Tagy: |
Přidat tag
Žádné tagy, Buďte první, kdo otaguje tento záznam!
|
| Thư viện lưu trữ: | Trung tâm Học liệu Trường Đại học Cần Thơ |
|---|
| LEADER | 00952nam a2200193Ia 4500 | ||
|---|---|---|---|
| 001 | CTU_27714 | ||
| 008 | 210402s9999 xx 000 0 und d | ||
| 082 | |a 915.97 | ||
| 082 | |b Đ301 | ||
| 245 | 0 | |a Địa lý du lịch | |
| 245 | 0 | |c Nguyễn Minh Tuệ...[et al.] | |
| 260 | |a Thành phố Hồ Chí Minh | ||
| 260 | |b Nxb. Thành phố Hồ Chí Minh | ||
| 260 | |c 1997 | ||
| 520 | |a Sách đề cập đối tượng, nhiệm vụ và phương pháp nghiên cứu du lịch; phân tích các nhân tố ảnh hưởng đến phát triển du lịch; tổ chức lãnh htổ du lịch; sau cùng, sách phân tích sâu về tiềm năng du lịch ở mỗi vùng có giá trị đối với trong và ngoài nước | ||
| 650 | |a Vietnam | ||
| 650 | |x Description and travel | ||
| 904 | |i Qhieu sửa | ||
| 980 | |a Trung tâm Học liệu Trường Đại học Cần Thơ | ||